Elements Of Fibre Science (Record no. 3948)
[ view plain ]
| 000 -LEADER | |
|---|---|
| fixed length control field | 00483nam a2200193Ia 4500 |
| 003 - CONTROL NUMBER IDENTIFIER | |
| control field | BUBTL |
| 008 - FIXED-LENGTH DATA ELEMENTS--GENERAL INFORMATION | |
| fixed length control field | 151213s9999 xx 000 0 und d |
| 082 ## - DEWEY DECIMAL CLASSIFICATION NUMBER | |
| Classification number | 677MUE |
| 100 ## - MAIN ENTRY--PERSONAL NAME | |
| Personal name | W.S.Murphy |
| 245 ## - TITLE STATEMENT | |
| Title | Elements Of Fibre Science |
| 260 ## - PUBLICATION, DISTRIBUTION, ETC. (IMPRINT) | |
| Place of publication, distribution, etc. | India |
| Name of publisher, distributor, etc. | Abhishek Publications |
| Date of publication, distribution, etc. | c2003 |
| 300 ## - PHYSICAL DESCRIPTION | |
| Extent | [x],135p. |
| Other physical details | ills. |
| Dimensions | 24cm. |
| 650 ## - SUBJECT ADDED ENTRY--TOPICAL TERM | |
| Topical term or geographic name as entry element | Textiles |
| 650 ## - SUBJECT ADDED ENTRY--TOPICAL TERM | |
| Topical term or geographic name as entry element | Textiles |
| 700 ## - ADDED ENTRY--PERSONAL NAME | |
| Personal name | W.S.Murphy |
| 856 ## - ELECTRONIC LOCATION AND ACCESS | |
| Password | 0 |
| Logon | 0 |
| Link text | Download |
| 942 ## - ADDED ENTRY ELEMENTS (KOHA) | |
| Source of classification or shelving scheme | |
| Koha item type | Books |
| Withdrawn status | Lost status | Source of classification or shelving scheme | Damaged status | Not for loan | Collection code | Permanent location | Current location | Shelving location | Date acquired | Inventory number | Total Checkouts | Full call number | Barcode | Date last seen | Copy number | Price effective from | Koha item type |
|---|---|---|---|---|---|---|---|---|---|---|---|---|---|---|---|---|---|
| Not For Loan | Non-fiction | Bangladesh University of Business and Technology Library | Bangladesh University of Business and Technology Library | Textile Engineering Stacks | 07/17/2010 | 7405 | 677MUE | BUBTL-20037405 | 02/26/2017 | C-1 | 02/26/2017 | Books |
